000
00294nam a2200121Ia 4500
008
190216s9999||||xx |||||||||||||| ||und||
100
_a
Desamangalam Ramakrishnan
245
0
_a
Kanathaya Kuttikal
260
_b
Poorna Pubs Kozhikode
_c
1981
300
_a
60p
650
_a
Kavithkal
942
_c
BK
999
_c
26808
_d
26808